[Event "Colonia de Sant Jordi op-A"]
[Site "Colonia de Sant Jordi"]
[Date "2022.06.08"]
[Round "5"]
[White "MacKay, Ian W"]
[Black "Carranza Pons, Ricardo Nelson"]
[Result "0-1"]
[WhiteElo "1652"]
[BlackElo "1554"]
[PlyCount "76"]
[EventDate "2022.06.04"]
[EventType "swiss"]
[EventRounds "9"]
[EventCountry "ESP"]
[SourceTitle "CBM 208 Extra"]
[Source "ChessBase"]
[SourceDate "2022.07.31"]
[SourceVersion "1"]
[SourceVersionDate "2022.07.31"]
[SourceQuality "1"]

1. c4 e5 2. g3 Nf6 3. Bg2 Nc6 4. Nc3 Bc5 5. e3 d6 6. Nge2 0-0 7. 0-0 h6 8. h3 a6 9. b3 Bf5 10. d4 Ba7 11. Kh2 Rb8 12. Bb2 Re8 13. a3 exd4 14. Nxd4 Nxd4 15. exd4 c6 16. d5 c5 17. Qf3 Qd7 18. Rfe1 Bg6 19. Qf4 Nh5 20. Qd2 b5 21. Rxe8+ Rxe8 22. Re1 bxc4 23. bxc4 Bb6 24. Ne4 Qd8 25. Bc3 f5 26. g4 fxg4 27. Ng3 Rxe1 28. Qxe1 Nf4 29. Be4 Qh4 30. Bg2 Nxg2 31. Kxg2 gxh3+ 32. Kh2 Qxc4 33. Qe6+ Bf7 34. Qc8+ Kh7 35. Bxg7 Kxg7 36. Nf5+ Kf6 37. Kxh3 Qxd5 38. Ng3 Be6+ 0-1

[Event "Colonia de Sant Jordi op-A"]
[Site "Colonia de Sant Jordi"]
[Date "2022.06.07"]
[Round "4"]
[White "Bauer, Dieter"]
[Black "MacKay, Ian W"]
[Result "0-1"]
[WhiteElo "1717"]
[BlackElo "1652"]
[PlyCount "105"]
[EventDate "2022.06.04"]
[EventType "swiss"]
[EventRounds "9"]
[EventCountry "ESP"]
[SourceTitle "CBM 208 Extra"]
[Source "ChessBase"]
[SourceDate "2022.07.31"]
[SourceVersion "1"]
[SourceVersionDate "2022.07.31"]
[SourceQuality "1"]

1. d4 Nf6 2. Bg5 g6 3. Bxf6 exf6 4. e3 Bg7 5. g3 d5 6. Bg2 0-0 7. Ne2 f5 8. 0-0 Be6 9. c4 c6 10. cxd5 Bxd5 11. Bxd5 Qxd5 12. Nbc3 Qd8 13. Qb3 Qb6 14. Nf4 Nd7 15. Rfd1 Qxb3 16. axb3 Nb6 17. Nd3 Nd7 18. b4 a6 19. Nc5 Nxc5 20. bxc5 Bf6 21. Na4 Rad8 22. Nb6 h5 23. Nc4 Be7 24. Na5 Rd7 25. Nc4 f6 26. Na5 Rfd8 27. Rdc1 g5 28. Rc3 Rc8 29. Rb3 Rcc7 30. Kg2 Kf7 31. Rh1 Ke6 32. h4 g4 33. Nc4 Rd8 34. Na5 Rdd7 35. Nc4 Rd8 36. Re1 Kd5 37. Nb6+ Ke4 38. Na4 Kd5 39. Rc1 Ke6 40. Nc3 Kd7 41. Ne2 Rh8 42. Nf4 Kc8 43. Rbc3 Rd7 44. Rd3 Rh7 45. d5 cxd5 46. Nxd5 Kb8 47. c6 bxc6 48. Rxc6 Kb7 49. Rb6+ Ka7 50. Rbb3 Bd8 51. Kf1 a5 52. Ke2 Ka6 53. Nf4 0-1

[Event "Colonia de Sant Jordi op-A"]
[Site "Colonia de Sant Jordi"]
[Date "2022.06.04"]
[Round "1"]
[White "MacKay, Ian W"]
[Black "Herbold, Manfred"]
[Result "0-1"]
[WhiteElo "1652"]
[BlackElo "2031"]
[PlyCount "84"]
[EventDate "2022.06.04"]
[EventType "swiss"]
[EventRounds "9"]
[EventCountry "ESP"]
[SourceTitle "CBM 208 Extra"]
[Source "ChessBase"]
[SourceDate "2022.07.31"]
[SourceVersion "1"]
[SourceVersionDate "2022.07.31"]
[SourceQuality "1"]

1. c4 e5 2. g3 Nf6 3. Nc3 c6 4. Bg2 d5 5. cxd5 cxd5 6. d4 exd4 7. Qxd4 Nc6 8. Qd1 d4 9. Ne4 Bf5 10. Nxf6+ Qxf6 11. a3 Bc5 12. Nf3 h6 13. 0-0 0-0 14. b4 Bb6 15. Bb2 Rad8 16. Ne1 Rfe8 17. Nd3 Qe7 18. Re1 Be4 19. Rc1 Bxg2 20. Kxg2 Rd5 21. Qb3 Rf5 22. Qc2 Qe4+ 23. Kg1 Qg4 24. Qd2 Qe4 25. Nc5 Bxc5 26. Rxc5 Rxc5 27. bxc5 Re5 28. e3 h5 29. h4 g5 30. hxg5 h4 31. gxh4 Qxh4 32. f4 Qg3+ 33. Kh1 dxe3 34. Qe2 Qh4+ 35. Kg2 Rd5 36. Bc3 Qxf4 37. Rg1 Rxc5 38. Bf6 Rd5 39. Rh1 Rxg5+ 40. Bxg5 Qxg5+ 41. Kh2 Nd4 42. Rg1 Qxg1+ 0-1

[Event "Calvia Amateur op 14th"]
[Site "Calvia"]
[Date "2017.10.11"]
[Round "5"]
[White "MacKay, Ian W"]
[Black "Garrido Lluy, Javier"]
[Result "1-0"]
[WhiteElo "1664"]
[BlackElo "1853"]
[PlyCount "95"]
[EventDate "2017.10.07"]
[EventType "swiss"]
[EventRounds "9"]
[EventCountry "ESP"]
[SourceTitle "CBM 181 Extra"]
[Source "ChessBase"]
[SourceDate "2017.12.12"]
[SourceVersion "1"]
[SourceVersionDate "2017.12.12"]
[SourceQuality "1"]

1. c4 Nf6 2. g3 c5 3. Nc3 g6 4. Bg2 Bg7 5. d3 Nc6 6. e4 d6 7. Nge2 0-0 8. 0-0 a6 9. b3 Bd7 10. h3 Rc8 11. f4 Ne8 12. Rb1 Nc7 13. Nd5 Ne6 14. Bb2 Ned4 15. Qd2 e6 16. Ne3 Qb6 17. Nxd4 Nxd4 18. Kh2 Qc7 19. Nc2 b5 20. Nxd4 cxd4 21. Ba3 Rfe8 22. Bb2 bxc4 23. dxc4 e5 24. Qf2 Bc6 25. f5 Qb7 26. Rbe1 a5 27. Ba3 Bf8 28. fxg6 hxg6 29. Qe2 a4 30. b4 Bd7 31. Rc1 Be6 32. Bf3 Qd7 33. g4 Bh6 34. Rc2 Kg7 35. Bc1 Bxc1 36. Rfxc1 Qe7 37. a3 Rc7 38. b5 Rec8 39. Qf1 Rc5 40. Be2 d5 41. exd5 Bxd5 42. Qd1 Qc7 43. b6 Qd6 44. cxd5 e4+ 45. Kg2 Rxc2 46. Rxc2 Rxc2 47. Qxc2 Qxd5 48. Qc4 1-0

[Event "Calvia Amateur op 11th"]
[Site "Calvia"]
[Date "2014.10.10"]
[Round "7"]
[White "MacKay, Ian W"]
[Black "Hudson, Jeremy"]
[Result "1/2-1/2"]
[WhiteElo "1695"]
[BlackElo "1639"]
[PlyCount "77"]
[EventDate "2014.10.04"]
[EventType "swiss"]
[EventRounds "9"]
[EventCountry "ESP"]
[SourceTitle "EXT 2015"]
[Source "ChessBase"]
[SourceDate "2014.11.20"]
[SourceVersion "1"]
[SourceVersionDate "2014.11.20"]
[SourceQuality "1"]

1. c4 c5 2. g3 Nc6 3. Bg2 Nf6 4. Nc3 e6 5. Nf3 d6 6. 0-0 a6 7. d4 cxd4 8. Nxd4 Bd7 9. e4 Be7 10. b3 0-0 11. Bb2 Rc8 12. h3 Qb6 13. Nde2 Ne5 14. Rb1 Bc6 15. Kh2 h5 16. Nf4 g6 17. Nfe2 h4 18. g4 Nexg4+ 19. hxg4 Nxg4+ 20. Kg1 e5 21. Nd5 Bxd5 22. cxd5 f5 23. Nc3 Rf7 24. Bh3 Ne3 25. fxe3 Qxe3+ 26. Rf2 Qxh3 27. Qf3 Qxf3 28. Rxf3 f4 29. Kf2 g5 30. Rg1 Kh7 31. Rd3 Kh6 32. Rg4 Kh5 33. Kf3 Rh7 34. Rd1 Bd8 35. Rc1 Kg6 36. Ne2 Rxc1 37. Bxc1 Rh6 38. Ba3 Kh5 39. Ng1 1/2-1/2

[Event "Prestwick Airport Major"]
[Site "Prestwick"]
[Date "2011.05.14"]
[Round "2"]
[White "MacKay, Ian W"]
[Black "Thomas, Philip"]
[Result "0-1"]
[WhiteElo "1554"]
[BlackElo "1811"]
[PlyCount "60"]
[EventDate "2011.05.13"]
[EventType "swiss"]
[EventRounds "5"]
[EventCountry "SCO"]
[SourceTitle "EXT 2023"]
[Source "ChessBase"]
[SourceDate "2022.10.05"]
[SourceVersion "1"]
[SourceVersionDate "2022.10.05"]
[SourceQuality "1"]

1. c4 e5 2. g3 f5 3. e3 Nf6 4. Bg2 c6 5. Ne2 Be7 6. f4 e4 7. d4 d6 8. Nbc3 Na6 9. a3 Nc7 10. b4 Be6 11. c5 a5 12. Bb2 Kf7 13. Qd2 axb4 14. axb4 Rxa1+ 15. Bxa1 Bc4 16. h3 h5 17. h4 Na6 18. Nd1 Nd5 19. Bc3 b6 20. Bh3 Kg6 21. Qb2 Bf6 22. Qd2 dxc5 23. bxc5 bxc5 24. Kf2 Nab4 25. Bf1 Nd3+ 26. Kg2 Nxc3 27. Nexc3 cxd4 28. exd4 Qxd4 29. Bxd3 Bxd3 30. Re1 Bf1+ 0-1